| 000 | 00734nas a2200277 4500 | ||
|---|---|---|---|
| 001 | BR2011001890 | ||
| 003 | BR-BrBNA | ||
| 005 | 20231205114919.0 | ||
| 007 | ta | ||
| 008 | 230509b bl.|||p| |||| 00| 00por d | ||
| 040 |
_aBR-BrBNA _bpor _cBiblioteca Nacional de Agricultura |
||
| 041 | _a(Pt) | ||
| 072 | _aE70 | ||
| 100 | 1 | _aAguiar, G. | |
| 100 | 1 | _aRibeiro, R. | |
| 100 | 1 | _aTorres, A. | |
| 245 | 1 | _aLaranja; pensamento em cadeia | |
| 650 | _aLARANJA | ||
| 650 | _aPREÇO | ||
| 650 | _aCONSUMO | ||
| 650 | _aCUSTO OPERACIONAL | ||
| 650 | _aSAFRA | ||
| 773 | 0 |
_tAgroanalysis (Brazil) _xISSN 0100-4298 _g(Feb 2011), V. 31(2) p. 18-19 _wBR2011001890 |
|
| 909 |
_a202311 _bLúcia _c55 _dLúcia Elande |
||
| 942 |
_2AGRIS _n0 _cANA |
||
| 999 |
_c211186 _d211186 |
||